Minecraft Achievements1.20 - Statistics

General Stats
  • This quiz has been taken 59 times
  • The average score is 25 of 110
Answer Stats
Tab Achivement % Correct
MInecraft The End?
80%
The End The End
80%
Minecraft Diamonds!
78%
Minecraft Stone Age
78%
Minecraft Getting an Upgrade
65%
Nether How Did We Get Here
65%
MInecraft We Need to Go Deeper
60%
Minecraft Ice Bucket Challenge
48%
Nether Cover Me in Debris
45%
MInecraft Hot Stuff
45%
Minecraft Minecraft
45%
Adventure Monster Hunter
45%
Nether A Terrible Fortress
40%
Adventure Hero of the Village
40%
Minecraft Suit Up
38%
The End Free the End
35%
Nether Into Fire
35%
Adventure Sweet Dreams
35%
MInecraft Eye Spy
33%
Minecraft Not Today, Thank You
33%
Nether Return to Sender
33%
Adventure Take Aim
33%
Husbandry Best Friends Forever
30%
Adventure Caves & Cliffs
30%
Minecraft Cover Me with Diamonds
30%
Minecraft Enchanter
30%
Adventure Star Trader
30%
The End The End...Again...
30%
Husbandry The Parrots and the Bats
30%
Minecraft Acquire Hardware
28%
Husbandry A Seedy Place
28%
Nether Beaconator
28%
Nether Hot Tourist Destinations
28%
Nether Oh Shiny
28%
The End The City at the End of the game
28%
Adventure Adventure
25%
Adventure Is It a Bird?
25%
Nether Subspace Bubble
25%
Nether War Pigs
25%
Nether A Furious Cocktail
23%
Nether Hidden in the Depths
23%
Nether Spooky Scary Skeleton
23%
The End The Next Generation
23%
Nether Uneasy Alliance
23%
Husbandry Wax Off
23%
Adventure What a Deal!
23%
Nether Withering Heights
23%
Adventure Is It a Balloon?
20%
Adventure Is It a Plane?
20%
Nether Local Brewery
20%
Adventure Sneak 100
20%
Adventure Sticky Situation
20%
Husbandry Tactical Fishing
20%
Nether Those Were the Days
20%
Husbandry Two by Two
20%
Husbandry Wax On
20%
Husbandry A Balanced Diet
18%
Adventure Adventuring Time
18%
Adventure Bullseye
18%
The End Great View From Up Here
18%
Nether Nether
18%
The End Remote Getaway
18%
Husbandry Serious Dedication
18%
Adventure Voluntary Exile
18%
MInecraft Zombie Doctor
18%
Nether Country Lode, Take Me Home
15%
Husbandry Fishy Business
15%
Adventure Hired Help
15%
Adventure Postmortal
15%
Adventure Sniper Duel
15%
Husbandry The Cutest Predator
15%
Nether This Boat Has Legs
15%
Nether Feels Like Home
13%
MInecraft Isn´t It Iron Pick
13%
Adventure It Spreads
13%
Adventure Two Birds, One Arrow
13%
Nether Who is Cutting Onions?
13%
Husbandry A Complete Catalogue
10%
Adventure Arbalistic
10%
Adventure Monsters Hunted
10%
Nether Not Quite "Nine" Lives
10%
Husbandry Total Beelocation
10%
Husbandry Whatever Floats Your Goat!
10%
Husbandry When the Squad Hops into Town
10%
The End You Need a Mint
10%
Adventure A Throwaway Joke
8%
Husbandry Bee Our Guest
8%
Husbandry Birthday Song
8%
Adventure Crafting a New Look
8%
Husbandry Glow and Behold!
8%
Adventure Light as a Rabbit
8%
Adventure Ol´Betsy
8%
Adventure Respecting the Remnants
8%
Adventure Sound of Music
8%
Adventure Surge Protector
8%
Husbandry The Healing Power of Friendship!
8%
Husbandry With Our Powers Combined!
8%
Husbandry Bukkit Bukkit
5%
Husbandry Husbandry
5%
The End Sky´s the Limit
5%
Husbandry Smells Interesting
5%
Adventure The Power of Books
5%
Adventure Very Very Frightening
5%
Adventure Who´s the Pillager Now?
5%
Nether Bringing Home the Beacon
3%
Adventure Careful Restoration
3%
Husbandry Little Sniffs
3%
Husbandry Planting the Past
3%
Adventure Smithing with Style
3%
Husbandry You´ve Got a Friend in Me
3%
No matching quizzes found
Score Distribution
Percent of People with Each Score
Percentile by Number Answered
Your Score History
You have not taken this quiz